All Things Lesotho - Statistics

General Stats
  • This quiz has been taken 4 times
  • The average score is 7 of 10
Answer Stats
Hint Answer % Correct
What Was It Called Before? Basutoland
100%
That Country That Surrounds Lesotho? South Africa
100%
When Was It A Country? 1966
75%
Capital? Maseru
75%
Main Language Other Than English? Sotho
75%
National Animal? Be Specific. Black Rhinoceros
50%
Biggest Export? Diamonds
50%
Ruler? Letsie III
50%
Currency? Loti
50%
National Dish? Pap-Pap
50%
No matching quizzes found
Score Distribution
Percent of People with Each Score
Percentile by Number Answered
Your Score History
You have not taken this quiz